| 000 | nam a22 7a 4500 | ||
|---|---|---|---|
| 999 |
_c332027 _d332027 |
||
| 003 | NUST | ||
| 005 | 20171108102000.0 | ||
| 008 | 171108b xxu||||| |||| 00| 0 eng d | ||
| 040 | _cNUST | ||
| 082 |
_a954.91 _bYON |
||
| 100 |
_aYong, Lin _96124 |
||
| 245 |
_aPakistan / _cby Lin Yong and Su Hua |
||
| 300 |
_a131 p. _bcol. ill. |
||
| 650 |
_aPakistan calligraphy _96125 |
||
| 880 |
_6245-02\(3\r _aپاکستان |
||
| 942 |
_2ddc _cBK |
||